Państwa gospodarze Igrzysk Olimpijskich - nagła śmierć - Statystyki

Ogólne statystyki
  • Ten quiz został rozwiązany 10 776 razy
  • Średni wynik to 12 z 24
Answers on the Grid
Answers color-coded by a green-red scale on the quiz's grid according to % correct below.
Afganistan
Arabia Saudyjska
Argentyna
Australia
Austria
Bahamy
Belgia
Brazylia
Bułgaria
Chiny
Chorwacja
Czechy
Egipt
Finlandia
Francja
Gruzja
Grecja
Hiszpania
Holandia
Indie
Iran
Irlandia
Japonia
Jugosławia
Kanada
Kamerun
Katar
Kolumbia
Korea Północna
Korea Południowa
Maroko
Meksyk
Niemcy
Nowa Zelandia
Norwegia
Panama
Portugalia
Rumunia
Rosja
RPA
Szwecja
Szwajcaria
Turcja
Ukraina
USA
Węgry
Wielka Brytania
Włochy
ZEA
ZSRS
 
Statystyki odpowiedzi
Odpowiedź % Poprawnych
Francja
69%
Chiny
68%
Australia
67%
USA
67%
Brazylia
66%
Grecja
63%
Wielka Brytania
62%
Hiszpania
61%
Japonia
61%
Niemcy
61%
Włochy
60%
Kanada
56%
Rosja
56%
ZSRS
54%
Korea Południowa
53%
Austria
45%
Meksyk
42%
Jugosławia
38%
Szwecja
38%
Norwegia
37%
Finlandia
34%
Holandia
33%
Szwajcaria
31%
Belgia
29%
Nie znaleziono quizów pasujących do podanych kryteriów
Rozkład punktacji
Procent ludzi z każdym wynikiem
Percentyl według liczby udzielonych odpowiedzi
Twoja historia wyników
Nie rozwiązałeś tego quizu